| 000 | 00371cam a22001337a 4500 | ||
|---|---|---|---|
| 008 | 180718b1957 xxu||||| |||| 00| 0 eng d | ||
| 082 | _aT61 L469 | ||
| 100 | _aLeach, W.A. | ||
| 245 |
_aUrban estate managenment _cby W.A. Leach |
||
| 250 | _a3rd ed. | ||
| 260 |
_aLondon _bThe Estate Gazette _c1957 |
||
| 300 | _alxiv,470p | ||
| 500 | _aV1: Ownership, Rights And Obligations | ||
| 999 |
_c411881 _d411881 |
||